| 000 | 03955nam a22004217a 4500 | ||
|---|---|---|---|
| 005 | 2010073101261.0 | ||
| 010 | _aB-406803-819 | ||
| 020 |
_a9788184571776 _c995.00 |
||
| 035 | _aB-406803-819 | ||
| 037 | _bPUB | ||
| 082 | _a070.4 | ||
| 100 |
_aChauhan, Swati _93127 |
||
| 245 |
_aHandbook of online journalism / _cby Swati Chauhan [and] N.C. Pant |
||
| 260 |
_aNew Delhi _bKanishka Publishers, Distributors _c2010 |
||
| 270 |
_bNew Delhi _a4697/21-A, Ansari Road, Daryaganj _e110002 |
||
| 300 |
_ax, 411p. _c25cm(Hb) |
||
| 500 | _aIncludes index | ||
| 700 |
_aPant, N.C. _93128 |
||
| 942 |
_2ddc _cEN _mCHA _h070.4 |
||
| 999 |
_c35007 _d35007 |
||